[Event "FRA-chT1 1011"]
[Site "France"]
[Date "2010.10.17"]
[Round "1.4"]
[White "Naudier, Serge"]
[Black "Riff, Sebastien"]
[Result "1-0"]
[WhiteElo "2254"]
[BlackElo "2284"]
[PlyCount "81"]
[EventDate "2010.10.17"]
[EventType "team-tourn"]
[EventRounds "11"]
[EventCountry "FRA"]
[SourceTitle "EXT 2012"]
[Source "ChessBase"]
[SourceDate "2011.11.24"]
[SourceVersion "1"]
[SourceVersionDate "2011.11.24"]
[SourceQuality "1"]

1. d4 Nf6 2. c4 g6 3. Nf3 Bg7 4. Nc3 0-0 5. Bg5 d6 6. e3 Nbd7 7. Be2 c6 8. 0-0 e5 9. Rc1 Qe7 10. b4 h6 11. Bh4 g5 12. Bg3 Nh5 13. dxe5 Nxg3 14. hxg3 dxe5 15. c5 Nf6 16. Qb3 Rd8 17. Rfd1 Bf5 18. Rxd8+ Rxd8 19. Rd1 Ne8 20. e4 Rxd1+ 21. Qxd1 Be6 22. Nd2 b6 23. cxb6 axb6 24. a3 Nd6 25. Qa4 Qb7 26. Nd1 f5 27. Ne3 f4 28. Bg4 Bxg4 29. Nxg4 Qd7 30. Nh2 b5 31. Qc2 Nb7 32. g4 Qd6 33. Nb3 Bf8 34. Nf3 Kg7 35. Qc3 Kf6 36. Nc1 Qc7 37. Nd3 Bd6 38. Qb3 Qf7 39. Qxf7+ Kxf7 40. Nfxe5+ Ke6 41. Nxc6 1-0

[Event "FRA-chT1 0910"]
[Site "France"]
[Date "2009.10.17"]
[Round "2.6"]
[White "Buffe, Fabrice"]
[Black "Riff, Sebastien"]
[Result "0-1"]
[WhiteElo "2160"]
[BlackElo "2271"]
[PlyCount "63"]
[EventDate "2009.09.27"]
[EventType "team-tourn"]
[EventRounds "11"]
[EventCountry "FRA"]
[SourceTitle "EXT 2011"]
[Source "ChessBase"]
[SourceDate "2010.11.26"]
[SourceVersion "1"]
[SourceVersionDate "2010.11.26"]
[SourceQuality "1"]

1. d4 Nf6 2. c4 g6 3. Nc3 Bg7 4. e4 d6 5. f4 0-0 6. Nf3 Na6 7. Be2 e5 8. dxe5 dxe5 9. Nxe5 Qe7 10. 0-0 Rd8 11. Qc2 Nb4 12. Qb3 Qc5+ 13. Kh1 c6 14. Na4 Qe7 15. c5 a5 16. Bc4 Be6 17. Nb6 Rab8 18. Bxe6 Qxe6 19. Nbc4 Nxe4 20. Nxa5 Qxb3 21. Nxb3 Nc2 22. Rb1 Rd5 23. Nc4 Rd3 24. f5 Ra8 25. Nca5 gxf5 26. Bf4 Nb4 27. g3 Nxa2 28. Kg2 Nb4 29. Rbd1 Bxb2 30. Rxd3 Nxd3 31. Nxb7 Ra2 32. Kh3 0-1

[Event "FRA-chT2D 0506"]
[Site "France"]
[Date "2005.12.04"]
[Round "4.9"]
[White "Criqui, Laurence"]
[Black "Riff, Sebastien"]
[Result "0-1"]
[WhiteElo "1670"]
[BlackElo "2265"]
[PlyCount "61"]
[EventDate "2005.10.27"]
[EventType "team-tourn"]
[EventRounds "11"]
[EventCountry "FRA"]
[SourceTitle "EXT 2006"]
[Source "ChessBase"]
[SourceDate "2005.11.24"]
[SourceVersion "1"]
[SourceVersionDate "2005.11.24"]
[SourceQuality "1"]
[WhiteTeam "Gambsheim"]
[BlackTeam "Mulhouse"]
[WhiteTeamCountry "FRA"]
[BlackTeamCountry "FRA"]

1. e4 c5 2. d4 cxd4 3. c3 d3 4. Bxd3 Nc6 5. c4 g6 6. Nf3 Bg7 7. Nc3 d6 8. h3 Nf6 9. 0-0 0-0 10. Qe2 a6 11. Rd1 Bd7 12. Bf4 Nh5 13. Bh2 Qa5 14. Nd5 Rfe8 15. a3 e6 16. Nf4 Nxf4 17. Bxf4 e5 18. b4 Qc7 19. Bg3 a5 20. b5 Nd8 21. Rac1 Ne6 22. Qe3 Nc5 23. Bc2 Be6 24. Bb1 h6 25. Rd2 a4 26. Ba2 f5 27. exf5 gxf5 28. Bh2 Rac8 29. Rcd1 Bf8 30. Kh1 Ne4 31. Re2 0-1

[Event "St Chely d'Aubrac op 5th"]
[Site "St Chely d'Aubrac"]
[Date "2005.07.15"]
[Round "8"]
[White "Lengert, Martin"]
[Black "Riff, Sebastien"]
[Result "0-1"]
[WhiteElo "1913"]
[BlackElo "2216"]
[PlyCount "86"]
[EventDate "2005.07.09"]
[EventType "swiss"]
[EventRounds "9"]
[EventCountry "FRA"]
[SourceTitle "CBM 107 Extra"]
[Source "ChessBase"]
[SourceDate "2005.09.01"]
[SourceVersion "1"]
[SourceVersionDate "2005.09.01"]
[SourceQuality "1"]

1. d4 Nf6 2. c4 g6 3. Nc3 Bg7 4. Nf3 0-0 5. Bg5 d6 6. e3 Nbd7 7. Bd3 c6 8. 0-0 e5 9. Qc2 Qe7 10. h3 Re8 11. Nd2 h6 12. Bh4 Nf8 13. b4 g5 14. Bg3 Nh5 15. d5 Bd7 16. Bh2 Rec8 17. a4 Nf6 18. Qb3 g4 19. hxg4 Nxg4 20. Bg3 Kh8 21. Rae1 f5 22. f3 Nf6 23. Qb1 Nh5 24. Ne2 Qf7 25. Bh2 cxd5 26. cxd5 Qxd5 27. e4 fxe4 28. Nxe4 Ne6 29. Rd1 Bxa4 30. N4c3 Rxc3 31. Be4 Qb3 32. Nxc3 Qxc3 33. Rxd6 Nd4 34. Kh1 Ne2 35. Re1 Nhg3+ 36. Bxg3 Nxg3+ 37. Kh2 Nxe4 38. Qxe4 Bc6 39. Qb1 e4 40. Kh1 exf3 41. Re7 fxg2+ 42. Kh2 Be5+ 43. Kg1 Qe3# 0-1

[Event "St Chely d'Aubrac op 5th"]
[Site "St Chely d'Aubrac"]
[Date "2005.07.11"]
[Round "4"]
[White "Riff, Sebastien"]
[Black "Laine, Patrice"]
[Result "1-0"]
[WhiteElo "2216"]
[BlackElo "2082"]
[PlyCount "73"]
[EventDate "2005.07.09"]
[EventType "swiss"]
[EventRounds "9"]
[EventCountry "FRA"]
[SourceTitle "CBM 107 Extra"]
[Source "ChessBase"]
[SourceDate "2005.09.01"]
[SourceVersion "1"]
[SourceVersionDate "2005.09.01"]
[SourceQuality "1"]

1. e4 c5 2. Nf3 e6 3. d4 cxd4 4. Nxd4 a6 5. Bd3 Qc7 6. 0-0 b5 7. Be3 Bb7 8. Nd2 Nf6 9. f4 Nc6 10. c3 Bc5 11. Qe2 Ne7 12. Kh1 h5 13. e5 Nfd5 14. Bg1 g6 15. Ne4 d6 16. b4 dxe5 17. Nxe6 fxe6 18. Nxc5 Nxf4 19. Rxf4 exf4 20. Nxe6 Qc6 21. Bc5 Kd7 22. Nxf4 Rae8 23. Rd1 Kc8 24. Bxe7 Rh7 25. Nxg6 Rexe7 26. Nxe7+ Rxe7 27. Qf2 Kb8 28. Bf1 Re8 29. Qf4+ Ka7 30. c4 Rg8 31. Qe3+ Ka8 32. cxb5 axb5 33. Rd2 Qg6 34. Qe5 Qb1 35. Qxb5 Rf8 36. Qa5+ Kb8 37. Rd8+ 1-0

[Event "St Chely d'Aubrac op 4th"]
[Site "St Chely d'Aubrac"]
[Date "2004.07.18"]
[Round "2"]
[White "Riff, Sebastien"]
[Black "Corke, Anya Sun"]
[Result "1-0"]
[WhiteElo "2196"]
[BlackElo "2042"]
[PlyCount "67"]
[EventDate "2004.07.17"]
[EventType "swiss"]
[EventRounds "9"]
[EventCountry "FRA"]
[SourceTitle "CBM 101 Extra"]
[Source "ChessBase"]
[SourceDate "2004.09.01"]
[SourceVersion "2"]
[SourceVersionDate "2004.09.01"]
[SourceQuality "1"]

1. e4 c5 2. Nf3 e6 3. d4 cxd4 4. Nxd4 a6 5. Bd3 Bc5 6. Nb3 Ba7 7. Nc3 d6 8. Qe2 Ne7 9. Be3 b5 10. 0-0 Nbc6 11. Rad1 0-0 12. a3 Qc7 13. Kh1 Ne5 14. f4 Nc4 15. Bxc4 bxc4 16. Nd4 f6 17. Rd2 Rb8 18. Rb1 Bd7 19. Nf3 Bxe3 20. Qxe3 Rb6 21. b4 cxb3 22. cxb3 Rc8 23. Rd3 Rc6 24. Ne2 Rc2 25. Nfd4 Ra2 26. Rc3 Qb6 27. b4 e5 28. Rxc8+ Nxc8 29. Qb3+ Kf8 30. Qxa2 exd4 31. Qd2 Qc6 32. Qd3 d5 33. exd5 Qxd5 34. Qxd4 1-0

[Event "FRA-chT Poule Haute"]
[Site "Belfort"]
[Date "2004.05.09"]
[Round "9"]
[White "Riff, Sebastien"]
[Black "Alexieva, Silvia"]
[Result "1/2-1/2"]
[WhiteElo "2205"]
[BlackElo "2330"]
[PlyCount "58"]
[EventDate "2004.05.08"]
[EventType "team-tourn"]
[EventRounds "4"]
[EventCountry "FRA"]
[SourceTitle "EXT 2005"]
[Source "ChessBase"]
[SourceDate "2004.11.15"]
[SourceVersion "1"]
[SourceVersionDate "2004.11.15"]
[SourceQuality "1"]
[WhiteTeam "Mulhouse"]
[BlackTeam "Clichy"]
[WhiteTeamCountry "FRA"]
[BlackTeamCountry "FRA"]

1. e4 c5 2. Nf3 d6 3. d4 cxd4 4. Nxd4 Nf6 5. Nc3 a6 6. Be2 e6 7. Be3 Be7 8. 0-0 0-0 9. f4 Qc7 10. a4 Nc6 11. Kh1 Re8 12. Bf3 Bf8 13. Qe1 e5 14. Nxc6 bxc6 15. fxe5 Rxe5 16. Bd4 Re6 17. Qg3 Nd7 18. Ne2 Ne5 19. Nf4 Re8 20. Nd3 a5 21. Rae1 Rb8 22. Bc3 g6 23. Be2 Bg7 24. Nf4 Re7 25. Rd1 f5 26. exf5 Bxf5 27. Bd3 Rf8 28. Bxf5 Rxf5 29. Nd3 Ref7 1/2-1/2

[Event "ICS Anniversary op"]
[Site "Fics Internet INT"]
[Date "2002.01.15"]
[Round "8"]
[White "Riff, Sebastien"]
[Black "Malloni, Marcello"]
[Result "1-0"]
[WhiteElo "2200"]
[BlackElo "2261"]
[PlyCount "43"]
[EventDate "2002.01.15"]
[EventType "swiss (blitz)"]
[EventRounds "9"]
[EventCountry "NET"]
[SourceTitle "EXT 2004"]
[Source "ChessBase"]
[SourceDate "2003.11.25"]
[SourceVersion "1"]
[SourceVersionDate "2003.11.25"]
[SourceQuality "1"]

1. e4 e6 2. d4 d5 3. Nd2 Nf6 4. e5 Nfd7 5. f4 c5 6. c3 Nc6 7. Ndf3 Qb6 8. g3 Be7 9. Kf2 0-0 10. Kg2 f5 11. h3 cxd4 12. cxd4 Rf7 13. g4 g6 14. gxf5 gxf5 15. Ne2 Nf8 16. Kh2 Bd7 17. b3 Ng6 18. Be3 Rg7 19. Rg1 Kf7 20. Ng3 Nh4 21. Nxh4 Bxh4 22. Qh5+ 1-0

[Event "FRA-chT1"]
[Site "France"]
[Date "2002.??.??"]
[Round "7.8"]
[White "Plantet, Sebastien"]
[Black "Riff, Sebastien"]
[Result "1/2-1/2"]
[WhiteElo "2309"]
[BlackElo "2200"]
[PlyCount "114"]
[EventDate "2002.02.??"]
[EventType "team-tourn"]
[EventRounds "11"]
[EventCountry "FRA"]
[SourceTitle "EXT 2003"]
[Source "ChessBase"]
[SourceDate "2002.11.25"]
[SourceVersion "1"]
[SourceVersionDate "2002.11.25"]
[SourceQuality "1"]
[WhiteTeam "Paris NAO"]
[BlackTeam "Mulhouse"]
[WhiteTeamCountry "FRA"]
[BlackTeamCountry "FRA"]

1. c4 Nf6 2. Nc3 g6 3. g3 Bg7 4. Bg2 0-0 5. d4 d6 6. Nf3 Nbd7 7. 0-0 e5 8. h3 Re8 9. b3 exd4 10. Nxd4 Nc5 11. Bb2 Nfe4 12. Nxe4 Nxe4 13. Qc2 f5 14. e3 Bd7 15. Rfd1 Qe7 16. Nf3 Rad8 17. Bxg7 Qxg7 18. Rac1 Qf6 19. Qd3 Bc6 20. Qd4 Kg7 21. Qxf6+ Nxf6 22. c5 dxc5 23. Rxd8 Rxd8 24. Rxc5 Rd1+ 25. Kh2 Nd7 26. Rc2 Kf6 27. g4 a6 28. Kg3 Rd6 29. g5+ Ke7 30. h4 Nf8 31. h5 Nd7 32. b4 Nf8 33. Ne5 Bxg2 34. Kxg2 c6 35. h6 Nd7 36. Nc4 Rd5 37. a4 b5 38. Na5 c5 39. axb5 axb5 40. bxc5 Rxc5 41. Rb2 b4 42. Nb3 Rc4 43. f4 Rc3 44. Nd4 Rxe3 45. Rxb4 Kd6 46. Ra4 Kd5 47. Nf3 Rd3 48. Nh4 Rd2+ 49. Kf3 Rd3+ 50. Ke2 Nc5 51. Ra7 Ke4 52. Rxh7 Kxf4 53. Rg7 Rh3 54. Nxg6+ Kxg5 55. Nf8+ Kf6 56. Nh7+ Ke5 57. Rg6 Ne6 1/2-1/2

[Event "FRA-chT"]
[Site "France"]
[Date "2001.04.29"]
[Round "9.8"]
[White "Riff, Sebastien"]
[Black "Marciano, David"]
[Result "0-1"]
[WhiteElo "2223"]
[BlackElo "2506"]
[PlyCount "144"]
[EventDate "2001.02.02"]
[EventType "team-tourn"]
[EventRounds "11"]
[EventCountry "FRA"]
[SourceTitle "EXT 2002"]
[Source "ChessBase"]
[SourceDate "2001.11.25"]
[SourceVersion "1"]
[SourceVersionDate "2001.11.25"]
[SourceQuality "1"]
[WhiteTeam "Mulhouse"]
[BlackTeam "Monaco"]
[WhiteTeamCountry "FRA"]
[BlackTeamCountry "MNC"]

1. e4 c5 2. Nf3 e6 3. d4 cxd4 4. Nxd4 Nc6 5. Nc3 Qc7 6. Be3 a6 7. Bd3 b5 8. Nxc6 Qxc6 9. 0-0 Bb7 10. a3 Nf6 11. Qe2 h5 12. f3 Bc5 13. Qf2 Rc8 14. Rae1 d6 15. Nd5 Nd7 16. Qh4 Kf8 17. Bxc5 Qxc5+ 18. Ne3 g5 19. Qf2 Ke7 20. f4 gxf4 21. Qh4+ f6 22. Qxf4 Qg5 23. Qxg5 fxg5 24. Re2 Rhf8 25. Nd1 Rxf1+ 26. Kxf1 Ne5 27. h3 g4 28. hxg4 hxg4 29. Kf2 Rf8+ 30. Ke1 Rh8 31. Ne3 Rh4 32. Kd2 Bc6 33. Rf2 Be8 34. Be2 Bh5 35. Rf1 Rh2 36. Kc3 g3 37. Bd3 Bg6 38. Rf4 Bh5 39. a4 Nxd3 40. cxd3 bxa4 41. Kb4 Rh1 42. Nf1 Be8 43. Nxg3 Rd1 44. Kc3 Bb5 45. Rf3 Ra1 46. Rf1 Ra2 47. Rb1 a3 48. d4 axb2 49. Rxb2 Ra3+ 50. Rb3 Ra4 51. d5 exd5 52. exd5 Kf6 53. Rb4 Ra3+ 54. Rb3 Ra1 55. Ne4+ Ke5 56. Kb2 Rg1 57. Nc3 Bc4 58. Rb4 Rxg2+ 59. Kc1 Bd3 60. Rb2 Rg4 61. Kd2 Bc4 62. Rb4 Rg2+ 63. Ke3 Rg3+ 64. Kd2 Rd3+ 65. Kc2 Rd4 66. Ra4 Rh4 67. Kd2 Kd4 68. Nd1 Rh2+ 69. Kc1 Kc5 70. Ne3 Bd3 71. Rf4 Re2 72. Nf5 Re5 0-1

[Event "FRA-chT"]
[Site "France"]
[Date "2001.03.31"]
[Round "6.9"]
[White "Sebag, Marie"]
[Black "Riff, Sebastien"]
[Result "1-0"]
[WhiteElo "2298"]
[BlackElo "2223"]
[PlyCount "85"]
[EventDate "2001.02.02"]
[EventType "team-tourn"]
[EventRounds "11"]
[EventCountry "FRA"]
[SourceTitle "EXT 2002"]
[Source "ChessBase"]
[SourceDate "2001.11.25"]
[SourceVersion "1"]
[SourceVersionDate "2001.11.25"]
[SourceQuality "1"]
[WhiteTeam "Clichy"]
[BlackTeam "Mulhouse"]
[WhiteTeamCountry "FRA"]
[BlackTeamCountry "FRA"]

1. e4 c5 2. Nf3 e6 3. b3 d6 4. Bb2 Nc6 5. d4 Nf6 6. d5 Nb8 7. Bb5+ Bd7 8. Bxd7+ Qxd7 9. dxe6 Qxe6 10. 0-0 Nc6 11. Nc3 0-0-0 12. Re1 h6 13. Nd2 g5 14. Nc4 Rg8 15. Nb5 Be7 16. Qf3 Ng4 17. Rad1 Nge5 18. Bxe5 dxe5 19. Qf5 Qxf5 20. exf5 f6 21. c3 Rxd1 22. Rxd1 Rd8 23. Rxd8+ Kxd8 24. Nbd6 Kc7 25. Ne4 Nb8 26. Ne3 Nd7 27. Nd5+ Kd8 28. a4 c4 29. b4 Nb6 30. Nxb6 axb6 31. Nd2 Kc7 32. Nxc4 Kc6 33. Kf1 Bd8 34. Ke2 h5 35. Kd3 Be7 36. Ne3 b5 37. axb5+ Kxb5 38. c4+ Kc6 39. Nd5 Bd8 40. Nc3 b6 41. Ne4 b5 42. Nc3 bxc4+ 43. Kxc4 1-0

[Event "FRA-chT 9900"]
[Site "France"]
[Date "2000.04.29"]
[Round "9.6"]
[White "Riff, Sebastien"]
[Black "Boudre, Jean Pierre"]
[Result "1/2-1/2"]
[WhiteElo "2180"]
[BlackElo "2334"]
[PlyCount "61"]
[EventDate "1999.02.04"]
[EventType "team-tourn"]
[EventRounds "11"]
[EventCountry "FRA"]
[SourceTitle "EXT 2001"]
[Source "ChessBase"]
[SourceDate "2000.11.22"]
[SourceVersion "1"]
[SourceVersionDate "2000.11.22"]
[SourceQuality "1"]

1. e4 e5 2. Nf3 Nc6 3. Bb5 Nf6 4. 0-0 Nxe4 5. Re1 Nd6 6. Nc3 Be7 7. Nxe5 Nxe5 8. Rxe5 0-0 9. Bf1 Bf6 10. Re1 b6 11. d4 Bb7 12. Qg4 Re8 13. Be3 g6 14. Bd3 h5 15. Qh3 Ne4 16. Nxe4 Bxe4 17. Bf4 d5 18. c3 c6 19. Re2 Bxd3 20. Qxd3 Rxe2 21. Qxe2 Qe8 22. Re1 Qxe2 23. Rxe2 g5 24. Bd6 Kh7 25. Kf1 Kg6 26. Be7 Re8 27. Bxf6 Rxe2 28. Kxe2 Kxf6 29. Ke3 Kf5 30. h3 Ke6 31. g4 1/2-1/2

[Event "FRA-chT 9900"]
[Site "France"]
[Date "2000.02.05"]
[Round "2.8"]
[White "Riff, Sebastien"]
[Black "Carton, Camille"]
[Result "1/2-1/2"]
[WhiteElo "2180"]
[BlackElo "2199"]
[PlyCount "75"]
[EventDate "1999.02.04"]
[EventType "team-tourn"]
[EventRounds "11"]
[EventCountry "FRA"]
[SourceTitle "EXT 2001"]
[Source "ChessBase"]
[SourceDate "2000.11.22"]
[SourceVersion "1"]
[SourceVersionDate "2000.11.22"]
[SourceQuality "1"]

1. e4 e6 2. d4 d5 3. Nd2 Nf6 4. e5 Nfd7 5. Bd3 c5 6. c3 Nc6 7. Ne2 cxd4 8. cxd4 f6 9. exf6 Nxf6 10. 0-0 Bd6 11. Nf3 0-0 12. Bf4 Bxf4 13. Nxf4 Ne4 14. Ne2 Ng5 15. Nxg5 Qxg5 16. f4 Qf6 17. Bc2 Bd7 18. Qd2 Ne7 19. Qd3 g6 20. g3 Rac8 21. Bb3 Nf5 22. Rad1 Nd6 23. Nc3 b5 24. Rfe1 b4 25. Qa6 Nc4 26. Ne4 Qe7 27. Bxc4 Rxc4 28. Nc5 Bc8 29. Qc6 Qf6 30. Re5 Rc2 31. b3 Rxa2 32. Qb5 a5 33. Na4 Qd8 34. Nc5 Qe8 35. Qb6 Qd8 36. Qb5 Qe8 37. Qb6 Qd8 38. Qb5 1/2-1/2

[Event "Mulhouse IM"]
[Site "Mulhouse"]
[Date "2000.??.??"]
[Round "5"]
[White "Libiszewski, Fabien"]
[Black "Riff, Sebastien"]
[Result "1/2-1/2"]
[WhiteElo "2255"]
[BlackElo "2180"]
[PlyCount "45"]
[EventDate "2000.??.??"]
[EventType "tourn"]
[EventRounds "10"]
[EventCountry "FRA"]
[EventCategory "4"]
[SourceTitle "EXT 2003"]
[Source "ChessBase"]
[SourceDate "2002.11.25"]
[SourceVersion "1"]
[SourceVersionDate "2002.11.25"]
[SourceQuality "1"]

1. e4 c5 2. d3 Nc6 3. g3 e6 4. Bg2 d6 5. f4 g6 6. Nf3 Bg7 7. 0-0 Nge7 8. c3 0-0 9. Be3 b6 10. Bf2 Bb7 11. Re1 Qc7 12. d4 Rfc8 13. Na3 a6 14. e5 cxd4 15. exd6 Qxd6 16. Nxd4 Qc7 17. Nf3 b5 18. Rc1 Nf5 19. Qe2 Na5 20. Nc2 Bd5 21. Nb4 Bb7 22. Nd3 Bd5 23. Nb4 1/2-1/2

[Event "Mulhouse IM"]
[Site "Mulhouse"]
[Date "2000.??.??"]
[Round "6"]
[White "Riff, Sebastien"]
[Black "Mensch, Etienne"]
[Result "1/2-1/2"]
[WhiteElo "2180"]
[BlackElo "2305"]
[PlyCount "83"]
[EventDate "2000.??.??"]
[EventType "tourn"]
[EventRounds "10"]
[EventCountry "FRA"]
[EventCategory "4"]
[SourceTitle "EXT 2003"]
[Source "ChessBase"]
[SourceDate "2002.11.25"]
[SourceVersion "1"]
[SourceVersionDate "2002.11.25"]
[SourceQuality "1"]

1. e4 c5 2. Nf3 Nc6 3. Nc3 g6 4. d4 cxd4 5. Nxd4 Bg7 6. Nb3 Nf6 7. Be2 0-0 8. 0-0 a5 9. a4 Nb4 10. Re1 Kh8 11. Bf3 d6 12. Nd5 Nfxd5 13. exd5 e5 14. dxe6 fxe6 15. c3 Nc6 16. Be3 e5 17. Rc1 Ne7 18. Bg5 h6 19. Bxe7 Qxe7 20. Nd4 Qg5 21. Nb5 Bh3 22. Bxb7 Rab8 23. Be4 Rf4 24. Qd3 Rbf8 25. Rcd1 Be6 26. Qxd6 Bb3 27. Rd2 R4f6 28. Qd3 Bxa4 29. Nc7 Bb3 30. Qe3 Qxe3 31. Rxe3 a4 32. f3 h5 33. Rd7 Bh6 34. Re1 R6f7 35. Rxf7 Rxf7 36. Nb5 Rd7 37. Bxg6 Rd2 38. Rxe5 Rxb2 39. Bd3 Kg7 40. h4 Bf4 41. Re2 Rxe2 42. Bxe2 1/2-1/2

[Event "Mulhouse IM"]
[Site "Mulhouse"]
[Date "2000.??.??"]
[Round "4"]
[White "Riff, Sebastien"]
[Black "Toulzac, Pierre Yves"]
[Result "1/2-1/2"]
[WhiteElo "2180"]
[BlackElo "2260"]
[PlyCount "88"]
[EventDate "2000.??.??"]
[EventType "tourn"]
[EventRounds "10"]
[EventCountry "FRA"]
[EventCategory "4"]
[SourceTitle "EXT 2003"]
[Source "ChessBase"]
[SourceDate "2002.11.25"]
[SourceVersion "1"]
[SourceVersionDate "2002.11.25"]
[SourceQuality "1"]

1. e4 c5 2. Nf3 e6 3. d4 cxd4 4. Nxd4 Nf6 5. Nc3 Nc6 6. Ndb5 d6 7. Bf4 e5 8. Bg5 a6 9. Na3 b5 10. Nd5 Be7 11. Bxf6 Bxf6 12. c3 Bg5 13. Nc2 0-0 14. a4 bxa4 15. Rxa4 a5 16. Nce3 Rb8 17. b3 Kh8 18. Bd3 Bxe3 19. Nxe3 Qb6 20. Bc2 Ba6 21. Nd5 Qd8 22. Ra3 g6 23. Ne3 f5 24. Bd3 Bb7 25. exf5 gxf5 26. Bxf5 Qg5 27. Qg4 Qf6 28. 0-0 Nd4 29. cxd4 exd4 30. Qh3 Rf7 31. Rxa5 dxe3 32. Qxe3 Rg8 33. f3 d5 34. Bh3 Re7 35. Qf2 Ba6 36. Rfa1 Bd3 37. Ra8 Re2 38. Rxg8+ Kxg8 39. Qg3+ Bg6 40. Rd1 Qb6+ 41. Kh1 Qxb3 42. Rc1 Qe3 43. Rc8+ Kg7 44. Rc7+ Kg8 1/2-1/2

[Event "Verbandsliga Sued Baden 9900"]
[Site "Germany"]
[Date "1999.11.28"]
[Round "3.2"]
[White "Palmer, Christian"]
[Black "Riff, Sebastien"]
[Result "1/2-1/2"]
[WhiteElo "2122"]
[BlackElo "2229"]
[PlyCount "75"]
[EventDate "1999.10.??"]
[EventType "team-tourn"]
[EventRounds "9"]
[EventCountry "GER"]
[SourceTitle "EXT 2004"]
[Source "ChessBase"]
[SourceDate "2003.11.25"]
[SourceVersion "1"]
[SourceVersionDate "2003.11.25"]
[SourceQuality "1"]
[WhiteTeam "Waldshut II"]
[BlackTeam "Freiburg II"]
[WhiteTeamCountry "GER"]
[BlackTeamCountry "GER"]

1. e4 c5 2. Nf3 e6 3. d4 cxd4 4. Nxd4 Nf6 5. Nc3 d6 6. Bc4 Be7 7. Be3 0-0 8. f3 Qc7 9. Bb3 a6 10. Qd2 Nc6 11. 0-0-0 Re8 12. g4 Bf8 13. h4 Nd7 14. h5 Nc5 15. g5 b5 16. g6 Ne5 17. f4 b4 18. fxe5 bxc3 19. Qxc3 dxe5 20. Nf3 Nxb3+ 21. axb3 Qxc3 22. gxf7+ Kxf7 23. bxc3 Bb7 24. Rd7+ Re7 25. Rhd1 Ke8 26. Nxe5 Bxe4 27. Bg5 Rxd7 28. Rxd7 h6 29. Bh4 Bf3 30. c4 Bxh5 31. c5 Bxc5 32. Rxg7 Kf8 33. Bf6 Be3+ 34. Kb1 Ra7 35. Rg3 Bf4 36. Rh3 Bxe5 37. Bxe5 Bg6 38. Rxh6 1/2-1/2

[Event "FRA-ch qual"]
[Site "Bescanon"]
[Date "1999.08.24"]
[Round "7"]
[White "Bousseffa, Olivier"]
[Black "Riff, Sebastien"]
[Result "0-1"]
[WhiteElo "2127"]
[BlackElo "2229"]
[PlyCount "42"]
[EventDate "1999.08.18"]
[EventType "swiss"]
[EventRounds "11"]
[EventCountry "FRA"]
[SourceTitle "EXT 2000"]
[Source "ChessBase"]
[SourceDate "1999.11.16"]
[SourceVersion "1"]
[SourceVersionDate "1999.11.16"]
[SourceQuality "1"]

1. e4 c5 2. Nf3 e6 3. d4 cxd4 4. Nxd4 Nf6 5. Nc3 d6 6. Bc4 Be7 7. Be3 0-0 8. Bb3 Na6 9. f4 Nc5 10. e5 dxe5 11. fxe5 Nfd7 12. 0-0 Nxe5 13. Qh5 Ned7 14. Rad1 a6 15. Rf3 Qc7 16. Rdf1 Qe5 17. Qh3 Nf6 18. Nce2 Nce4 19. Bf4 Qh5 20. Qxh5 Nxh5 21. Be5 Nd2 0-1

[Event "Cappelle op 15th"]
[Site "Cappelle la Grande"]
[Date "1999.02.18"]
[Round "6"]
[White "Socko, Bartosz"]
[Black "Riff, Sebastien"]
[Result "1-0"]
[WhiteElo "2497"]
[BlackElo "2225"]
[PlyCount "53"]
[EventDate "1999.02.13"]
[EventType "swiss"]
[EventRounds "9"]
[EventCountry "FRA"]
[SourceTitle "EXT 2000"]
[Source "ChessBase"]
[SourceDate "1999.11.16"]
[SourceVersion "1"]
[SourceVersionDate "1999.11.16"]
[SourceQuality "1"]

1. e4 c5 2. Nf3 e6 3. d4 cxd4 4. Nxd4 Nf6 5. Nc3 d6 6. Be3 a6 7. f3 Qc7 8. g4 h6 9. Qd2 b5 10. 0-0-0 Nbd7 11. h4 Nb6 12. e5 Nfd5 13. Bxb5+ axb5 14. Ndxb5 Qb8 15. Bxb6 Qxb6 16. exd6 Bxd6 17. Nxd5 exd5 18. Qxd5 Bf4+ 19. Kb1 Rb8 20. Qe4+ Be6 21. a4 Be3 22. Rd6 Qc5 23. Rc6 Rxb5 24. axb5 Qa7 25. Rxe6+ fxe6 26. Qxe6+ Qe7 27. Qxe7+ 1-0

[Event "Oberliga Baden 9899"]
[Site "Germany"]
[Date "1998.11.08"]
[Round "2.6"]
[White "Biebinger, Gerhard"]
[Black "Riff, Sebastien"]
[Result "1-0"]
[WhiteElo "2335"]
[BlackElo "2235"]
[PlyCount "111"]
[EventDate "1998.10.??"]
[EventType "team-tourn"]
[EventRounds "9"]
[EventCountry "GER"]
[SourceTitle "EXT 2002"]
[Source "ChessBase"]
[SourceDate "2001.11.25"]
[SourceVersion "1"]
[SourceVersionDate "2001.11.25"]
[SourceQuality "1"]
[WhiteTeam "Kirchheim"]
[BlackTeam "Freiburg"]
[WhiteTeamCountry "GER"]
[BlackTeamCountry "GER"]

1. c4 Nf6 2. Nc3 g6 3. e4 d6 4. d4 Bg7 5. f3 0-0 6. Be3 c6 7. Qd2 a6 8. 0-0-0 b5 9. Kb1 Nbd7 10. c5 dxc5 11. dxc5 Qc7 12. Nge2 Ne5 13. Nc1 Be6 14. Qc2 Bc4 15. Nd3 Nfd7 16. Nxe5 Nxe5 17. Bc1 Rfd8 18. Be2 Bxe2 19. Nxe2 Nc4 20. f4 Qa5 21. e5 e6 22. b3 Na3+ 23. Bxa3 Qxa3 24. Rd6 Bf8 25. Qc3 b4 26. Qd4 Qa5 27. Ng3 Qc7 28. Ne4 Be7 29. Qxb4 a5 30. Qc3 f5 31. Ng5 Bxd6 32. exd6 Qd7 33. Re1 Re8 34. Nf3 a4 35. b4 a3 36. Ne5 Qb7 37. Rd1 Qb5 38. g3 Rab8 39. Rd4 Qf1+ 40. Kc2 Qh1 41. d7 Red8 42. Qc4 Qa1 43. Rd2 Qb2+ 44. Kd1 Qb1+ 45. Ke2 Qh1 46. Qxe6+ Kg7 47. Nf3 Qg2+ 48. Ke3 Qf1 49. Qxc6 Qc4 50. Qd5 Qxb4 51. Kf2 Rb7 52. c6 Qb6+ 53. Kg2 Rc7 54. Qe5+ Kh6 55. Qe7 Rxc6 56. Ng5 1-0

[Event "FRA-chT"]
[Site "France"]
[Date "1998.05.11"]
[Round "11"]
[White "Sarthou, Gaetan"]
[Black "Riff, Sebastien"]
[Result "1-0"]
[WhiteElo "2305"]
[BlackElo "2235"]
[PlyCount "81"]
[EventDate "1998.02.06"]
[EventType "team-tourn"]
[EventRounds "11"]
[EventCountry "FRA"]
[SourceTitle "CBM 064 Extra"]
[Source "ChessBase"]
[SourceDate "1998.07.07"]
[SourceVersion "1"]
[SourceVersionDate "1998.07.07"]
[SourceQuality "1"]

1. e4 c5 2. Nf3 d6 3. d4 cxd4 4. Nxd4 Nf6 5. Nc3 e6 6. Bc4 Be7 7. Qe2 0-0 8. Bb3 Na6 9. Be3 Nc5 10. f3 a6 11. 0-0-0 Qc7 12. g4 b5 13. Qg2 b4 14. Nce2 Bb7 15. g5 Nfxe4 16. fxe4 Bxe4 17. Qg4 Bxh1 18. Rxh1 Rfc8 19. Kb1 a5 20. Rf1 a4 21. Bc4 d5 22. Bf4 Qb7 23. Bd3 b3 24. a3 bxc2+ 25. Bxc2 Ne4 26. Ka1 Ra6 27. Be5 Rb6 28. Qf4 Bxg5 29. Qg4 f5 30. Qg2 Nd2 31. Qxg5 Nxf1 32. Qc1 g6 33. Qxf1 Rxb2 34. Qc1 Rb6 35. Qd2 Rc4 36. Bd3 Rc8 37. Nc3 Kf7 38. Nb1 Rd8 39. Qg5 Qe7 40. Qxe7+ Kxe7 41. Bc7 1-0